| 000 | 00532nam a2200181Ia 4500 | ||
|---|---|---|---|
| 008 | 220216s9999 xx 000 0 und d | ||
| 100 |
_aRiyaphan J _cet al |
||
| 245 | 0 | _aVariability in chemical and mechanical properties of para rubber (Hevea brasiliensis) trees | |
| 260 |
_bScienceAsia _c2015 |
||
| 300 | _a251-258 | ||
| 500 | _aSource Year: 2015 | ||
| 650 | _aHolocellulose | ||
| 650 | _aModulus of elasticity | ||
| 650 | _aModulus of rupture | ||
| 650 | _aRubberwood | ||
| 856 | _uCopy of article (online) | ||
| 942 | _cJS | ||
| 999 |
_c72079 _d72079 |
||